000 00418nam a2200181Ia 4500
001 19570
005 20260306172703.0
008 260306t2008||||xx |||||||||||||| ||spa||
041 _aESP
082 _a340.7
_bC28
100 _aCarnelutti, Francesco
_eAUT
245 0 _aComo nace el derecho
260 _c2008
300 _a87 páginas :
_c16 cm.
650 _aGEN
654 _aCDE
942 _cLIB
_dJUS
_fJUS
_2ddc
_n
999 _c19570
_d19570